Biggest Cities in Slovakia - Extreme - Statistics

General Stats
  • This quiz has been taken 101 times
  • The average score is 57 of 200
Answer Stats
Population Region Municipality % Correct
1. 479 891 BA Bratislava
100%
2. 233 625 KE Košice
100%
6. 76 018 BB Banská Bystrica
93%
5. 78 489 NR Nitra
93%
3. 84 824 PO Prešov
93%
8. 54 740 TN Trenčín
93%
4. 82 656 ZA Žilina
93%
10. 49 855 PO Poprad
89%
7. 63 803 TT Trnava
89%
9. 52 520 ZA Martin
71%
17. 32 967 NR Komárno
68%
14. 37 791 NR Nové Zámky
68%
12. 40 637 BB Zvolen
68%
18. 31 974 NR Levice
64%
21. 30 522 ZA Liptovský Mikuláš
64%
23. 27 407 ZA Ružomberok
64%
16. 35 431 KE Spišská Nová Ves
64%
27. 23 328 ZA Čadca
61%
15. 36 704 KE Michalovce
61%
13. 38 641 TN Považská Bystrica
61%
19. 31 359 PO Humenné
57%
51. 15 552 PO Kežmarok
57%
20. 30 840 PO Bardejov
54%
42. 18 095 ZA Dolný Kubín
54%
11. 45 017 TN Prievidza
54%
25. 25 249 NR Topoľčany
54%
43. 17 578 BB Žiar nad Hronom
54%
30. 22 595 TN Dubnica nad Váhom
50%
29. 23 044 TT Dunajská Streda
50%
54. 14 256 PO Levoča
50%
40. 18 935 BA Malacky
50%
85. 7 722 ZA Námestovo
50%
45. 17 472 TN Púchov
50%
72. 9 628 BB Banská Štiavnica
46%
61. 11 414 ZA Bytča
46%
53. 14 660 ZA Kysucké Nové Mesto
46%
26. 24 900 BA Pezinok
46%
31. 22 048 BB Rimavská Sobota
46%
36 20 116 BA Senec
46%
48. 15 938 PO Stará Ľubovňa
46%
94. 7 213 ZA Trstená
46%
37. 20 061 BB Brezno
43%
52. 15 052 TT Galanta
43%
139. 4 934 BB Kremnica
43%
24. 25 902 BB Lučenec
43%
74. 9 346 BA Modra
43%
64. 10 985 TN Myjava
43%
39. 19 644 TN Nové Mesto nad Váhom
43%
32. 21 439 TN Partizánske
43%
22. 27 681 TT Piešťany
43%
44. 17 569 KE Rožňava
43%
58. 12 349 PO Sabinov
43%
34. 21 183 NR Šaľa
43%
28. 23 213 KE Trebišov
43%
75. 8 952 ZA Tvrdošín
43%
33. 21 248 PO Vranov nad Topľou
43%
59. 11 946 NR Zlaté Moravce
43%
35. 20 556 TT Hlohovec
39%
49. 15 737 TT Sereď
39%
50. 15 573 TT Skalica
39%
71. 9 777 NR Štúrovo
39%
63. 11 028 BB Veľký Krtíš
39%
70. 9 949 BB Fiľakovo
36%
120. 5 572 TN Ilava
36%
60. 11 484 BB Revúca
36%
38. 19 875 TT Senica
36%
141. 4 894 BB Sliač
36%
41. 18 712 PO Snina
36%
69. 10 067 PO Stropkov
36%
68. 10 168 PO Svidník
36%
107. 6 412 ZA Turčianske Teplice
36%
199. 3 697 NR Bánov
32%
46. 17 311 TN Bánovce nad Bebravou
32%
89. 7 489 KE Kráľovský Chlmec
32%
96. 7 154 ZA Liptovský Hrádok
32%
110. 5 965 PO Medzilaborce
32%
114. 5 875 KE Sobrance
32%
180. 3 901 PO Vysoké Tatry
32%
77. 8 801 BA Bernolákovo
29%
55. 13 955 BB Detva
29%
86. 7 622 BA Dunajská Lužná
29%
111. 5 951 KE Gelnica
29%
47. 16 199 TN Handlová
29%
79. 8 739 KE Krompachy
29%
113. 5 897 ZA Rajec
29%
56. 13 628 TT Šamorín
29%
57. 12 595 BA Stupava
29%
73. 9 562 NR Šurany
29%
112. 5 941 BA Svätý Jur
29%
106. 6 471 PO Veľký Šariš
29%
62. 11 214 TT Holíč
25%
98. 6 972 BA Ivanka pri Dunaji
25%
87. 7 576 BB Krupina
25%
174. 3 973 TT Leopoldov
25%
67. 10 305 KE Moldava nad Bodvou
25%
97. 7 007 BB Nová Baňa
25%
65. 10 884 TN Nová Dubnica
25%
124. 5 333 BB Poltár
25%
84. 7 743 PO Svit
25%
171. 3 980 TN Trenčianske Teplice
25%
78. 8 799 KE Veľké Kapušany
25%
83. 8 446 TT Veľký Meder
25%
88. 7 511 ZA Vrútky
25%
116. 5 830 BB Žarnovica
25%
127. 5 232 TT Gabčíkovo
21%
101. 6 762 BB Hnúšťa
21%
82. 8 526 KE Sečovce
21%
80. 8 724 TN Stará Turá
21%
99. 6 971 BB Tornaľa
21%
93. 7 233 ZA Turzovka
21%
81. 8 593 NR Vráble
21%
138. 4 978 TN Bojnice
18%
95. 7 182 BB Hriňová
18%
90. 7 467 NR Hurbanovo
18%
92. 7 241 PO Jarovnice
18%
66. 10 572 NR Kolárovo
18%
103. 6 676 ZA Krásno nad Kysucou
18%
135. 5 014 NR Nesvady
18%
91. 7 267 NR Šahy
18%
76. 8 838 KE Smižany
18%
104. 6 646 PO Spišská Belá
18%
188. 3 791 PO Spišské Podhradie
18%
156. 4 277 KE Strážske
18%
161. 4 193 ZA Turany
18%
142. 4 848 TN Brezová pod Bradlom
14%
100. 6 830 BA Chorvátsky Grob
14%
133. 5 102 KE Dobšiná
14%
140. 4 921 TT Gbely
14%
169. 4 001 PO Giraltovce
14%
189. 3 777 PO Hanušovce nad Topľou
14%
166. 4 036 TT Kúty
14%
108. 6 335 TN Nemšová
14%
160. 4 197 TN Nováky
14%
157. 4 272 NR Palárikovo
14%
131. 5 136 BA Rovinka
14%
137. 4 979 TT Šaštín-Stráže
14%
168. 4 009 ZA Terchová
14%
190. 3 721 BB Tisovec
14%
115. 5 864 KE Čaňa
11%
134. 5 062 BB Čierny Balog
11%
148. 4 500 TT Cífer
11%
162. 4 107 KE Medzev
11%
170. 4 000 BA Miloslavov
11%
177. 3 936 ZA Nižná
11%
172. 3 975 ZA Oravská Polhora
11%
119. 5 630 ZA Raková
11%
122. 5 415 TT Sládkovičovo
11%
163. 4 081 TT Šoporňa
11%
159. 4 222 TN Trenčianska Teplá
11%
132. 5 120 PO Veľká Lomnica
11%
121. 5 542 ZA Zákamenné
11%
102. 6 756 NR Želiezovce
11%
109. 6 162 TN Beluša
7%
196. 3 703 TN Čachtice
7%
151. 4 419 ZA Čierne
7%
136. 4 999 NR Dvory nad Žitavou
7%
175. 3 964 TN Lednické Rovne
7%
123. 5 409 PO Lendak
7%
105. 6 480 PO Lipany
7%
182. 3 887 BA Malinovo
7%
146. 4 624 KE Markušovce
7%
194. 3 713 ZA Novoť
7%
125. 5 260 BA Šenkvice
7%
126. 5 247 ZA Skalité
7%
128. 5 202 BA Slovenský Grob
7%
144. 4 711 ZA Sučany
7%
152. 4 379 ZA Teplička nad Váhom
7%
197. 3 700 KE Turňa nad Bodvou
7%
191. 3 720 BA Veľké Leváre
7%
117. 5 739 TT Vrbové
7%
155. 4 295 NR Cabaj-Čápor
4%
187. 3 794 KE Kecerovce
4%
158. 4 223 NR Komjatice
4%
153. 4 356 NR Močenok
4%
178. 3 913 BA Most pri Bratislave
4%
118. 5 736 ZA Oščadnica
4%
147. 4 620 KE Pavlovce nad Uhom
4%
130. 5 139 ZA Rabča
4%
143. 4 789 KE Rudňany
4%
167. 4 014 ZA Štiavnik
4%
192. 3 719 NR Tešedíkovo
4%
183. 3 864 TT Trstice
4%
150. 4 475 KE Valaliky
4%
181. 3 896 ZA Varín
4%
179. 3 911 KE Veľká Ida
4%
198. 3 698 ZA Veľké Rovné
4%
176. 3 953 TT Borský Mikuláš
0%
164. 4 063 TN Bošany
0%
184. 3 824 KE Bystrany
0%
165. 4 042 TT Jelka
0%
173. 3 974 TN Kanianka
0%
185. 3 815 TN Lehota pod Vtáčnikom
0%
193. 3 718 ZA Liptovské Sliače
0%
149. 4 476 PO Ľubica
0%
200. 3 638 PO Ľubotice
0%
186. 3 802 NR Marcelová
0%
195. 3 704 TT Okoč
0%
129. 5 183 NR Tvrdošovce
0%
145. 4 665 TT Veľké Úľany
0%
154. 4 350 NR Veľké Zálužie
0%
No matching quizzes found
Score Distribution
Percent of People with Each Score
Percentile by Number Answered
Your Score History
You have not taken this quiz